000 00656nam a2200217 i 4500
001 34098
003 ES-MaACL
005 20251003063049.0
007 t|
008 030204s1965 sp ||||1| cat d
100 1 _aBöll, Heinrich,
_d1917-1985
_929974
245 1 3 _aEl padels anysjoves /
_cHeinrich Böll ; [traducció de Carme Serrallonga].
250 _a[1ª ed.].
260 _aBarcelona :
_bEdicions 62,
_c[1965]
300 _a108 p. ;
_c20 cm.
490 1 _aEl balancí ;
_v10
700 1 _aSerrallonga, Carme.
_9105680
830 0 _aEl balancí ;
_v10
_9182050
852 _aES-MaACL
_jC-27852
_bR.57121
999 _c34098
_d34098